Podiel obchodu na rozvoji sociálnych služieb v okrese Martin záverečná práca postgraduálneho štúdia

Enregistré dans:
Détails bibliographiques
Auteur principal: Kirschner, Jozef
Collectivité auteur: Vysoká škola ekonomická v Bratislave. Fakulta ekonomiky služieb a cestovného ruchu v Banskej Bystrici
Autres auteurs: Benčo
Format: Livre
Langue:slovaque
Publié: Bratislava 1990
Tags: Ajouter un tag
Pas de tags, Soyez le premier à ajouter un tag!

MARC

LEADER 00000nam a2200000 4500
001 c030702
005 20221215071125.5
041 0 |a slo 
044 |a SK 
245 1 0 |a Podiel obchodu na rozvoji sociálnych služieb v okrese Martin  |b záverečná práca postgraduálneho štúdia  |c Jozef Kirschner ; Ved. práce Benčo 
264 1 |a Bratislava  |c 1990 
300 |a 24 s. 
100 1 |a Kirschner, Jozef 
700 1 |a Benčo 
710 2 |a Vysoká škola ekonomická v Bratislave. Fakulta ekonomiky služieb a cestovného ruchu v Banskej Bystrici